000 01094nam a2200205Ia 4500
001 b5775-38994
003 IT-MiCISF
008 161014s9999||||xx |||||||||||||| ||und||
040 _aIT-MiCISF
_cIT-MiCISF
041 _ait
100 _aJellouschek Hans
245 0 _aL'arte di vivere in coppia
250 _a1a ed.
260 _a Roma
_bMagi
_c2003 [Edizione originale: 1992]
300 _app. 109
500 _a / coppia, amore, relazione-di-coppia, sessualità / L'A. scrive in questo libro di aver smontato pezzo per pezzo l'ideale neoromantico dell'amore. All'amore come esperienza amorosa ha contrapposto una via comune di "esercizio"; al desiderio di una simbiosi protratta nel tempo la necessità di stabilire dei limiti e di mantenere una giusta distanza, all'amore come autorealizzazione egoistica la capacità di abbandonarsi all'altro. Un quadro più complesso di quello fiabesco prospettato dall'amore romantico, ma chi l'ha sperimentato sa che non è certo meno affascinante.
650 _a Relazione di coppia / coppia
_e002
942 _cBK
957 _71
999 _a38994
_bsi
_g1
_c211335
_d211335